Handbooks of materials management (Record no. 76122)

MARC details
000 -LEADER
fixed length control field 00817nam a2200157 a 4500
008 - FIXED-LENGTH DATA ELEMENTS--GENERAL INFORMATION
fixed length control field 120416s0000 ||||||||||||||||| || u
020 ## - INTERNATIONAL STANDARD BOOK NUMBER
International Standard Book Number 8120307097
050 ## - LIBRARY OF CONGRESS CALL NUMBER
Classification number TS 161 Gop
100 ## - MAIN ENTRY--PERSONAL NAME
Personal name Gopalakrishnan, P
245 10 - TITLE STATEMENT
Title Handbooks of materials management
260 ## - PUBLICATION, DISTRIBUTION, ETC.
Place of publication, distribution, etc. New Delhi
Name of publisher, distributor, etc. Prentice-Hall of India
Date of publication, distribution, etc. 1999
350 ## -
-- 0.00
995 ## -
-- ANNEX COLLECTION (Main Library)
-- 0.00
-- 732662
-- CBU-MAIN LIBRARY (Kitwe)
-- 3
-- 35.00
-- TS 161 Gop
-- 3
-- AVAILABLE
-- 44950
-- Annex Low-Usage Collection
995 ## -
-- ANNEX COLLECTION (Main Library)
-- 0.00
-- 732663
-- CBU-MAIN LIBRARY (Kitwe)
-- 2
-- 35.00
-- TS 161 Gop
-- 2
-- AVAILABLE
-- Jun 2, 2006
-- 44948
-- Annex Low-Usage Collection
995 ## -
-- MAIN LIBRARY OPEN ACCESS
-- 0.00
-- 732661
-- CBU-MAIN LIBRARY (Kitwe)
-- 1
-- 35.00
-- TS 161 Gop
-- 1
-- AVAILABLE
-- 44947
-- Main Library Open Access Collection
999 ## -
-- 76122
-- 76122
Holdings
Withdrawn status Lost status Source of classification or shelving scheme Damaged status Not for loan Permanent Location Current Location Date acquired Full call number Barcode Date last seen Copy number Price effective from Koha item type Shelving location Total Checkouts
          CBU-MAIN LIBRARY, KITWE. CBU-MAIN LIBRARY, KITWE. 04/25/2023 TS 161 Gop 44947 04/25/2023 3 04/25/2023 MONOGRAPH    
          CBU-MPIKA LIBRARY, MPIKA CAMPUS. CBU-MPIKA LIBRARY, MPIKA CAMPUS. 04/25/2023 TS 161 Gop 44950 04/25/2023 1 04/25/2023 MONOGRAPH    
          CBU-MPIKA LIBRARY, MPIKA CAMPUS. CBU-MPIKA LIBRARY, MPIKA CAMPUS. 04/25/2023 TS 161 Gop 44948 04/25/2023 2 04/25/2023 MONOGRAPH